Кровавая месть и смертные казни (Запис № 396123)

МАРК-запис
000 -Лідер
fixed length control field 00924nam a22002537a 4500
003 - Ідентифікатор контрольного номера
control field UA-OsUOA
001 - Контрольний номер
control field 109297
007 - Фіксоване поле фізичного опису
fixed length control field ta
008 - Елементи даних фіксованої довжини – загальна інформація
fixed length control field 20141218b un ||||| |||| 00| 0 ukr d
090 ## - Локальний шифр розміщення
Класифікаційний індекс УДК 343.253
Авторський знак (НП) М19
040 ## - Джерело каталогізації
Агенція оригінальної каталогізації UA-OsUOA
Мова каталогізації rus
Агенція, яка здійснювала перезапис UA-OsUOA
Агенція, яка здійснювала модифікацію UA-OsUOA
041 ## - Код мови
Код мови тексту/ звукової доріжки чи окремого заголовка (П) rus
080 ## - Індекс Універсальної десяткової класифікації
Індекс Універсальної десяткової класифікації (УДК) (НП) 343.253
100 ## - Основне введення – ім’я особи
Ім’я особи (НП) Малиновский И. А.
245 ## - Відомості про назву
Назва (НП) Кровавая месть и смертные казни
Дані про відповідальність (НП) под ред. и с предисл. В. А. Попелюшка
260 ## - Публікація, розповсюдження і т.п. (Вихідні дані)
Місце публікації, розповсюдження і т.п. (П) Острог
Ім’я/ наймення видавництва, розповсюджувача і т.п. (П) НаУОА
Дата публікації, розповсюдження і т.п. (П) 2014
250 ## - Відомості про видання (редакцію)
-- Вып. 1
300 ## - Фізичний опис
Обсяг 260 с.
520 3# - Резюме і т.п.
Резюме, реферат, анотація, тощо (НП) Содержание1. Эпоха господства кровавой мести2. Вымирание кровавой мести3. Возрождение кровавой мести
650 #7 - Додаткове предметне введення – тематичний термін
Тематичний термін чи географічна назва, як елемент введення (НП) 343 Кримінальне право. Карні порушення
Джерело заголовка чи терміна UDC
942 ## - Додаткові елементи входу (Коха)
Тип елемента Koha Книги
955 ## - Код типу видання за змістом
Код типу видання за змістом (НП) Наукові видання
Фонди
Стан вилучень Стан втрат Джерело класифікації або схеми стелажів Стан уражень Не для кредиту Постійне місце розташування Поточне розміщення Дата придбання Джерело придбання Вартість, звичайна ціна покупки Інвентарний номер Усього замовленно Повний номер виклику Штрих-код Дата останнього перегляду Ціна ефективна від Тип елемента Koha Код колекції
    Universal Decimal Classification     ЧЗ - Читальна зала ЧЗ - Читальна зала 18/12/2014 48/2014 35.00 147102   343.253 М19 147102 06/02/2022 18/12/2014 Книги  
    Universal Decimal Classification     ЧЗ - Читальна зала ЧЗ - Читальна зала 18/12/2014 48/2014 35.00 147103   343.253 М19 147103 09/02/2022 18/12/2014 Книги  
    Universal Decimal Classification     ЧЗ - Читальна зала ЧЗ - Читальна зала 05/03/2018 8/2018 35.00 158177   343.253 М19 158177 29/09/2021 18/12/2014 Книги Колекція Кралюка П.М.